Elementary differential equations with linear algebra / (Record no. 2536)
[ view plain ]
| 000 -LEADER | |
|---|---|
| fixed length control field | 00731nam a22002292 4500 |
| 001 - CONTROL NUMBER | |
| control field | 0000004212 |
| 005 - DATE AND TIME OF LATEST TRANSACTION | |
| control field | 20151217145759.0 |
| 008 - FIXED-LENGTH DATA ELEMENTS--GENERAL INFORMATION | |
| fixed length control field | 070521s xx 000 0 eng d |
| 020 ## - INTERNATIONAL STANDARD BOOK NUMBER | |
| International Standard Book Number | 0871509571 : |
| 040 ## - CATALOGING SOURCE | |
| Original cataloging agency | KABU |
| Transcribing agency | KABU |
| 050 #0 - LIBRARY OF CONGRESS CALL NUMBER | |
| Classification number | QA372 |
| Item number | .P69 |
| 100 1# - MAIN ENTRY--PERSONAL NAME | |
| Personal name | Powers, David L. |
| -- | 0000154657 |
| 245 10 - TITLE STATEMENT | |
| Title | Elementary differential equations with linear algebra / |
| Statement of responsibility, etc. | David L. Powers. |
| 260 ## - PUBLICATION, DISTRIBUTION, ETC. (IMPRINT) | |
| Place of publication, distribution, etc. | Boston : |
| Name of publisher, distributor, etc. | Prindle, Weber & Schmidt, |
| Date of publication, distribution, etc. | c1986. |
| 300 ## - PHYSICAL DESCRIPTION | |
| Extent | x, 573 p. ; |
| Dimensions | 25 cm. |
| 504 ## - BIBLIOGRAPHY, ETC. NOTE | |
| Bibliography, etc | Includes bibliographical references and index. |
| 650 #0 - SUBJECT ADDED ENTRY--TOPICAL TERM | |
| Topical term or geographic name as entry element | Differential equations. |
| -- | 0000154646 |
| 650 #0 - SUBJECT ADDED ENTRY--TOPICAL TERM | |
| Topical term or geographic name as entry element | Algebras, Linear. |
| -- | 0000154658 |
| 908 ## - PUT COMMAND PARAMETER (RLIN) | |
| Put command parameter | 070521 |
| 950 ## - LOCAL HOLDINGS (RLIN) | |
| -- | 1 |
| Withdrawn status | Lost status | Source of classification or shelving scheme | Not for loan | Home library | Current library | Date acquired | Total Checkouts | Full call number | Barcode | Date last seen | Date last checked out | Price effective from | Koha item type |
|---|---|---|---|---|---|---|---|---|---|---|---|---|---|
| Library of Congress Classification | Kabarak, Main Campus | Kabarak, Main Campus | 17/12/2015 | 2 | QA372 .P69 | 008683 | 18/05/2022 | 03/11/2016 | 17/12/2015 | General Collection |